000 00876nam a2200253Ia 4500
003 OSt
005 20220923211308.0
006 a|||||r|||| 00| 0
007 ta
008 220922b |||||||| |||| 00| 0 hin d
020 _a9788179753408 (hbk)
_c300
024 _a245,466
037 _b374, 11/02/2011, Swaraj Prakashan
_cTextual
040 _aARTS
_cARTS
_bhin
041 _2hin
_ahin
082 _aO152,1:gN, Q0
100 _aशर्मा, विष्णुचंद्र
245 0 _aमेरे दौर के कवि
246 _aMere daur ke kavi
260 _aनई दिल्ली
_b अनामिका पब्लिशर्स
_c2010
300 _a143पृ.
_ccm.
942 _hO152,1:gN, Q0
_cTEXL
_2CC
999 _c298206
_d298206